00362nam a2200121Ia 45000010005000000080041000050820030000461000063000762450034001392600024001739010028001979990015002254212241024s9999 xx 000 0 und d aRD/370.97293/R426poa/2014 aRepública Dominicana. Ministerio de Educación (MINERD) 0aPlan operativo anual POA 2014 bSanto Domingoc2014 a22/8/2016 11:55:40 a.m. c8989d8989